01563nam a2200289 a 450000100100000000500170001000800410002704000250006808200150009310000410010824501730014926000490032230000210037150000640039265000480045665000390050470000300054370000320057370000330060504900090063895201270064795201270077495201270090195201120102895201180114099900150125800000786120200929154327.0090911s2002 dr 000 0 spa d aDO-SdBNPbspacBNPHU a657bH557e1 aHernández, Norberto,d1957-92162810aEvolución de la contabilidad en República Dominicana y su base legal /cNorberto Hernández ; edición al cuidado de Pedro Solis, Rafael Polanco y Frank Valdéz. aSanto Domingo,fTriunfo fast printingc2002. a207 p. ;c22 cm. aIncluye datos biográficos del autor en la contracubierta. 4aContabilidadzRepública Dominicana921629 4aContabilidadxLegislación9201571 aSolis, Pedro,eed.9216301 aPolando Rafael,eed.9216311 aValdéz, Frank,eed.910772 aBNPD 001052708DSaGRbGRcHDd2009-09-11iLF1l0o657 H557ep7861-30r2020-06-25te. 3w2020-06-25yLFDSZPréstamo interno 001052708DSaGRbGRcHDd2013-07-02iLF1l0o657 H557ep7861-40r2020-06-25te. 4w2020-06-25yLFDSZPréstamo interno 001054708DSaGRbGRcHDd2013-10-17iLF1l0o657 H557ep7861-50r2020-06-25te. 5w2020-06-25yLFDSZPréstamo en sala 0010718PDaPDbPDcHDd2009-09-11iLF1l0o657 H557ep7861-10r2020-06-25w2020-06-25yLFPDZNo se presta 0010718PDaPDbPDcHDd2009-09-11iLF1l0o657 H557ep7861-20r2020-06-25te. 2w2020-06-25yLFPDZNo se presta c7639d7639